Pakistan in search of democracy 1947-77 (Record no. 81218)
[ view plain ]
| 000 -LEADER | |
|---|---|
| fixed length control field | 00388nam a22001457a 4500 |
| 005 - DATE AND TIME OF LATEST TRANSACTION | |
| control field | 20160106142805.0 |
| 008 - FIXED-LENGTH DATA ELEMENTS--GENERAL INFORMATION | |
| fixed length control field | 160106b xxu||||| |||| 00| 0 eng d |
| 040 ## - CATALOGING SOURCE | |
| Transcribing agency | PK-LaUMT |
| 082 ## - DEWEY DECIMAL CLASSIFICATION NUMBER | |
| Classification number | MMC 954.9043 |
| Item number | HAM-P |
| 100 ## - MAIN ENTRY--PERSONAL NAME | |
| Personal name | Hamid Yusuf |
| 245 ## - TITLE STATEMENT | |
| Title | Pakistan in search of democracy 1947-77 |
| Statement of responsibility, etc | Hamid Yusuf |
| 260 ## - PUBLICATION, DISTRIBUTION, ETC. (IMPRINT) | |
| Place of publication, distribution, etc | Lahore |
| Name of publisher, distributor, etc | Afrasia publications |
| Date of publication, distribution, etc | 1980 |
| 300 ## - PHYSICAL DESCRIPTION | |
| Extent | 189 p. |
| 942 ## - ADDED ENTRY ELEMENTS (KOHA) | |
| Koha item type | Books |
| Withdrawn status | Lost status | Damaged status | Home library | Current library | Date acquired | Full call number | Barcode | Date last seen | Price effective from | Koha item type |
|---|---|---|---|---|---|---|---|---|---|---|
| UMT Main Campus | UMT Main Campus | 2016-01-06 | MMC 954.9043 HAM-P | 95802 | 2016-01-06 | 2016-01-06 | Books |
